| 000 | 00650nam a22001577a 4500 | ||
|---|---|---|---|
| 003 | macl | ||
| 005 | 20191203131826.0 | ||
| 008 | 191203b xxu||||| |||| 00| 0 eng d | ||
| 040 | _cmacl | ||
| 082 | _a800 | ||
| 100 |
_aबोधिसत्व _977419 |
||
| 245 |
_aतार सप्तक सिद्धान्त और कविता _bकवियों के काव्य सिद्धान्त और उनकी कविता |
||
| 260 |
_aदिल्ली _bराधाकृष्ण प्रकाशन _c2016 |
||
| 650 |
_aकाव्य समीक्षा _948818 |
||
| 942 |
_2ddc _cHIN |
||
| 999 |
_c61495 _d61495 |
||